Study of communication between the deaf child and his family (Record no. 21046)
[ view plain ]
| 000 -LEADER | |
|---|---|
| fixed length control field | 00659nam a2200193Ia 4500 |
| 082 ## - DEWEY DECIMAL CLASSIFICATION NUMBER | |
| Classification number | TK.0004 |
| 100 ## - MAIN ENTRY--AUTHOR NAME | |
| Personal name | Kashyap, Lina |
| 245 #0 - TITLE STATEMENT | |
| Title | Study of communication between the deaf child and his family |
| 260 ## - PUBLICATION, DISTRIBUTION, ETC. (IMPRINT) | |
| Year of publication | 1983 |
| Name of publisher | Tata Institute of Social Sciences |
| 300 ## - PHYSICAL DESCRIPTION | |
| Number of Pages | 517p. + C D - 43 |
| 650 ## - SUBJECT ADDED ENTRY--TOPICAL TERM | |
| Topical Term | SIGN LANGUAGE///DEAF - MEANS OF COMMUNICATION |
| 650 ## - SUBJECT ADDED ENTRY--TOPICAL TERM | |
| Topical Term | PHYSICALLY HANDICAPPED CHILDREN///CHILDREN, DEAF |
| 650 ## - SUBJECT ADDED ENTRY--TOPICAL TERM | |
| Topical Term | CHILDREN, DEAF |
| 650 ## - SUBJECT ADDED ENTRY--TOPICAL TERM | |
| Topical Term | DEAF - MEANS OF COMMUNICATION |
| 650 ## - SUBJECT ADDED ENTRY--TOPICAL TERM | |
| Topical Term | DEAF CHILDREN//CHILDREN, DEAF |
| 650 ## - SUBJECT ADDED ENTRY--TOPICAL TERM | |
| Topical Term | DEAF - EDUCATION - SPEECH//DEAF - MEANS OF COMMUNICATION |
| 710 ## - ADDED ENTRY--CORPORATE NAME | |
| Corporate name or jurisdiction name as entry element | Khandekar, Mandakini |
| 942 ## - ADDED ENTRY ELEMENTS (KOHA) | |
| Koha item type | Thesis |
| Source of classification or shelving scheme | Dewey Decimal Classification |
| Withdrawn status | Lost status | Damaged status | Not for loan | Home library | Current library | Date acquired | Bill Date | Full call number | Accession Number | Price effective from | Koha item type |
|---|---|---|---|---|---|---|---|---|---|---|---|
| NASSDOC Library | NASSDOC Library | 08/10/2004 | 2004-10-22 | TK.0004 | 27133 | 18/04/2019 | Thesis |
